00823pam a2200241 a 4500001000500000005001700005020001500022040002300037050001400060082000800074100001500082245006400097260003500161300005700196505000800253520017400261521001900435521002000454650002400474650003200498650002000530700003100550291920260324084846.0 a0590226509 aDLCcDLCdDLCbeng00aPZ7.S724200a6131 aSoto, Gary10aToo many tamales /cGary Soto ; illustrated by Ed Martinez. aNew York :bScholastic ;c1993 a30 unnumbered pages :bcolor illustrations ;c29 cm. aN  aMaria tries on her mother's wedding ring while helping make tamales for a Christmas family get-together. Panic ensues when hours later, she realizes the ring is missing. a570 bLexile  aN bRaz-Plus  1aChristmasxFiction. 1aMexican AmericansxFiction. 1aRingsxFiction.1 aMartinez, Edeillustrator